LEADER 01566nam0 2200409 i 450 001 RAV0191553 005 20251003044326.0 020 $aIT$b833612 100 $a20140619d1981 ||||0itac50 ba 101 | $aita 102 $ait 181 1$6z01$ai $bxxxe 182 1$6z01$an 200 1 $aComplessita numerica$fDario Bini ... \et al.! 210 $aTorino$cBoringhieri$d\1981! 215 $a236 p.$d21 cm 225 | $aTesti e manuali della scienza contemporanea$i. Serie di informatica 410 0$1001CFI0067990$12001 $aTesti e manuali della scienza contemporanea$i. Serie di informatica 606 $aComplessità computazionale$2FIR$3CFIC110237$9E 606 $aAlgoritmi$2FIR$3CFIC033498$9E 606 $aCalcolo numerico$2FIR$3CFIC004761$9E 676 $a515$9ANALISI MATEMATICA$v12 676 $a518$9ANALISI NUMERICA$v14 676 $a518.1$9ANALISI NUMERICA. ALGORITMI$v22 702 1$aBini$b, Dario$3CFIV089919 702 1$aCapovani$b, Milvio$3CFIV089921 702 1$aRomani$b, Francesco$3CFIV096254 702 1$aLotti$b, Grazia$3RAVV075546 801 3$aIT$bIT-000000$c20140619 850 $aIT-BN0095 $aIT-AV0007 901 $bNAP 01$cSALA DING $n$ 901 $bNAP AV$cSEZ. M $nSezione Moderna 912 $aRAV0191553 950 0$aBiblioteca Centralizzata di Ateneo$c1 v.$d 01SALA DING 518 COMN$e 0102 0000001775 VMA A4 1 v.$fY $h19930429$i19930429 977 $a 01$a AV 996 $aComplessita numerica$9104151 997 $aUNISANNIO